le cheval - Statistiques

Statistiques générales
  • Ce quiz a été pris 1 742 fois
  • Le résultat moyen est 7 sur 10
Statistiques - réponses
Question Réponse % Correct
comment s'appelle le petit de la jument? un poulain
100%
comment s'appelle le caca du cheval ? du crotin
98%
quelle est le bruit du cheval ? hennit
98%
comment s'appelle l'endroit ou dors les chevaux ? une écurie
95%
quelle est le record de hauteur sautée ? 2 m 47
78%
jusque a quelle age peut vivre un cheval ? 23 ans
61%
le cheval est nocturne ? non
58%
combien de races de cheval il y a dans le monde ? 397 races
44%
quelle est la races de cheval est la plus rapides du monde ? pur sang anglais
42%
Jusqu’à quelle âge les poulains tètent ? (sans sevrage ) 10 mois
40%
Aucun quiz correspondant
Distribution des résultats
% des personnes avec chaque résultat
Percentile par nombre de réponses
Votre historique - résultats
Vous n’avez pas pris ce quiz